Responses for Show #1882 - Tuesday, November 10, 1992

1992 Tournament of Champions quarterfinal game 2.

Contestants

[<< previous game]

Bruce Simmons, a graduate student from Minneapolis, Minnesota

Steve Newman, a computer consultant from Rockville, Maryland

Jerome Vered, a writer from Studio City, California

[next game >>]

Jeopardy! Round responses

19th CENTURY AMERICA
QUOTES
INVENTIONS
OPERA
THE AMAZON
FILE UNDER "X"
    $100 19
Atlantic City

Bruce
    $100 2
Peace

Jerome
    $100 23
Razor

Bruce
    $100 1
The Pope/Papacy

Bruce
    $100 30
Island

Jerome
    $100 8
Xerox

Jerome
    $200 20
Manila Bay

Steve
    $200 15
(Steve: What is the new year?)

birthday

JeromeSteve
    $200 28
Samuel Colt

Bruce
    $200 3
China

Jerome
    $200 29
Dolphin

Jerome
    $200 9
Xi

Bruce
    $300 5
(Bruce: What is Secretary of the Interior?)

Secretary of Agriculture

JeromeBruce
    $300 16
Mohandas Gandhi

Jerome
    $300 27
Robert Goddard

Steve
    $300 4
The Netherlands/Holland

Steve
    $300 26
(Jerome: What is Ecuador?)
(Steve: What is Chile?)

Peru

JeromeSteveBruce
    $300 10
Xenon

Bruce
    $600 6
Horace Greeley

Jerome
    $400 17
Love

Jerome
    $400 21
Player Piano

Jerome
    $400 13
Rigoletto

Bruce
    $400 25
Cuzco

Jerome
    $400 11
Xerxes

Jerome
    $500 7
Robert Fulton

Bruce
    $500 18
Lady Astor

Jerome
    $500 22
Thomas Edison

Jerome
    $500 14
Modest Mussorgsky

Steve
    $500 24
Rubber

Jerome
    $500 12
Xanthippe

Jerome

Scores at the first commercial break (after clue 12):

Jerome Steve Bruce
$2,200 $300 $800

Scores at the end of the Jeopardy! Round:

Jerome Steve Bruce
$5,400 $800 $1,900

Double Jeopardy! Round responses

WORLD CITIES
THE U.S. TREASURY DEPARTMENT
ART
ENGLISH LITERATURE
FRENCH ACTRESSES
PLINY THE ELDER
    $200 24
Tokyo

Steve
    $200 29
Alexander Hamilton

Bruce
    $200 8
James Whistler

Steve
    $200 27
"The Hobbit"

Jerome
    $200 14
Brigitte Bardot

Bruce
    $200 2
(Steve: What is a discus?)

javelin

SteveBruce
    $400 28
Vancouver

Jerome
    $400 30
State Department

Bruce
    $400 12
Fresco

Bruce
    $400 26
"The Hound of the Baskervilles"

Jerome
    $400 20
Simone Signoret

Jerome
    $400 3
Ears

Bruce
    $600 25
(Steve: What is Rotterdam?)
(Jerome: What is Bruges?)

Antwerp

JeromeSteve
Triple Stumper
    $600 19
The Secret Service

Jerome
    $600 13
Francisco Goya

Jerome
    $600 1
A.A. Milne

Bruce
    $600 21
Leslie Caron

Jerome
    $600 4
Mount Vesuvius

Steve
    $800 15
Melbourne

Bruce
    $1,200 17
IRS

Steve
    $800 7
Anthony van Dyck

Jerome
    $800 5
Thomas Hardy

Steve
    $800 22
Victor Hugo

Jerome
    $800 10
Aristotle

Jerome
    $1000 16
Jakarta (Indonesia)

Steve
    $1000 18
John Connally

Steve
    $1000 9
William Hogarth

Bruce
    $2,000 6
(Steve: Who is Sylvia Plath?)

Daphne du Maurier

Steve
    $1000 23
Jeanne Moreau

Jerome
    $1000 11
Nero

Jerome

Scores at the end of the Double Jeopardy! Round:

Jerome Steve Bruce
$12,400 $3,000 $6,100
(lock game)

Final Jeopardy! Round responses

MYTHS & LEGENDS
SteveWhat is a rhinoceros?
$3,000
BruceWhat is a unicorn?
$6,100
JeromeWhat is a unicorn?
$100
a unicorn

Final scores:

Jerome Steve Bruce
$12,500 $0 $12,200
Automatic semifinalist 3rd place: $1,000 if eliminated + Jeopardy!/Wheel of Fortune video games for Super NES/Sega Genesis + Jeopardy! Challenge book 2nd place: $1,000 if eliminated + Jeopardy!/Wheel of Fortune video games for Super NES/Sega Genesis + Jeopardy! Challenge book

Game dynamics:

Coryat scores:

Jerome Steve Bruce
$12,200 $4,600 $6,100
29 R
(including 1 DD),
2 W
11 R
(including 1 DD),
5 W
(including 1 DD)
18 R,
1 W

Combined Coryat: $22,900

[game clues] [game scores] [suggest correction]

Game tape date: 1992-10-18
The J! Archive is created by fans, for fans. Scraping, republication, monetization, and malicious use prohibited; this site may use cookies and collect identifying information. See terms. The Jeopardy! game show and all elements thereof, including but not limited to copyright and trademark thereto, are the property of Jeopardy Productions, Inc. and are protected under law. This website is not affiliated with, sponsored by, or operated by Jeopardy Productions, Inc. Join the discussion at JBoard.tv.